|
|
|
|
| LEADER |
00744nam a2200193 i 4500 |
| 001 |
misc58037 |
| 005 |
20210604173219.0 |
| 008 |
210604s1909 hu o 0|| hun d |
| 040 |
|
|
|a SZTE Miscellanea Repozitórium
|b hun
|
| 041 |
|
|
|a hun
|
| 100 |
1 |
|
|a Balassa Armin
|
| 245 |
1 |
0 |
|a Chlopytól Bokányiig
|h [elektronikus dokumentum] :
|b politikai eszmetöredékek /
|c Balassa Armin
|
| 260 |
|
|
|a Dugonics Társaság
|b Szeged, Magyarország
|c 1909
|
| 300 |
|
|
|a 248 p.
|c 23 cm
|
| 650 |
|
4 |
|a Bölcsészettudományok
|
| 650 |
|
4 |
|a Nyelvek és irodalom
|
| 650 |
|
4 |
|a Általános irodalomtudományok
|
| 695 |
|
|
|a Magyar irodalom - esszé, Politikai élet - Magyarország - tanulmányok
|
| 856 |
4 |
0 |
|u http://misc.bibl.u-szeged.hu/58037/1/xb_157533.pdf
|z Dokumentum-elérés
|